| 000 | 00600nam a2200205Ia 4500 | ||
|---|---|---|---|
| 999 |
_c36288 _d36288 |
||
| 001 | 2195 | ||
| 003 | GE_BSU | ||
| 005 | 20221021113058.0 | ||
| 008 | 181216s1979ru xx |||||||||||||| ||rus|| | ||
| 040 | _cGE_BSU | ||
| 041 | _arus | ||
| 080 | _a821.353.1-31 А-62 | ||
| 100 |
_aАмиредживи, Чабуа. _915417 |
||
| 245 |
_aДата Туташхиа / _cЧабуа Амиредживи. |
||
| 264 |
_aТбилиси : _bМерани, _c1979. |
||
| 300 |
_a736 стр.: _b20 см. |
||
| 653 | _aДата Туташхиа | ||
| 653 | _aდათა თუთაშხია | ||
| 942 |
_cBK _2udc |
||